[Event "Niederoesterreich Landesliga 1011"]
[Site "Austria"]
[Date "2011.04.03"]
[Round "13"]
[White "Schwarhofer, Christopher"]
[Black "Roehrl, Karl"]
[Result "1-0"]
[WhiteElo "2237"]
[BlackElo "2212"]
[PlyCount "43"]
[EventDate "2010.09.12"]
[EventType "team-tourn"]
[EventRounds "13"]
[EventCountry "AUT"]
[SourceTitle "EXT 2022"]
[Source "ChessBase"]
[SourceDate "2021.10.06"]
[SourceVersion "1"]
[SourceVersionDate "2021.10.06"]
[SourceQuality "1"]

1. e4 d6 2. d4 Nf6 3. Nc3 c6 4. f4 Qa5 5. Bd3 e5 6. Nf3 Nbd7 7. 0-0 Be7 8. Ne2 0-0 9. c3 Re8 10. Ng3 Bf8 11. Bc4 exd4 12. cxd4 d5 13. exd5 Nxd5 14. Ne5 Qd8 15. Qh5 g6 16. Qf3 Bg7 17. Nxf7 Kxf7 18. Bxd5+ cxd5 19. Qxd5+ Kf8 20. b3 Bf6 21. f5 Nb6 22. Bh6+ 1-0

[Event "AUT-chT2O 0910"]
[Site "Austria"]
[Date "2010.04.17"]
[Round "10.3"]
[White "Roehrl, Karl"]
[Black "Riedner, Martin"]
[Result "1-0"]
[WhiteElo "2294"]
[BlackElo "2189"]
[PlyCount "69"]
[EventDate "2009.10.17"]
[EventType "team-tourn"]
[EventRounds "11"]
[EventCountry "AUT"]
[SourceTitle "EXT 2011"]
[Source "ChessBase"]
[SourceDate "2010.11.26"]
[SourceVersion "1"]
[SourceVersionDate "2010.11.26"]
[SourceQuality "1"]
[WhiteTeam "St Poelten"]
[BlackTeam "Mattersburg"]
[WhiteTeamCountry "AUT"]
[BlackTeamCountry "AUT"]

1. Nf3 f5 2. d4 Nf6 3. g3 g6 4. Bg2 Bg7 5. 0-0 0-0 6. c4 d6 7. Nc3 c6 8. d5 Qe8 9. Nd4 Bd7 10. Qb3 Qc8 11. c5 Kh8 12. cxd6 exd6 13. Bf4 Ne8 14. dxc6 bxc6 15. Rfd1 Na6 16. Qa3 d5 17. Be5 Nf6 18. Rac1 Qb7 19. Na4 Rac8 20. Nb3 Qb5 21. Nac5 Nxc5 22. Nxc5 Rf7 23. Qc3 Rcf8 24. Nxd7 Nxd7 25. Bxg7+ Rxg7 26. Qxc6 Qxe2 27. Qc3 Nb6 28. Re1 Qg4 29. Re7 d4 30. Qc7 Rc8 31. Qe5 Rxc1+ 32. Bf1 Rxf1+ 33. Kxf1 Qh3+ 34. Kg1 Qh6 35. Re8# 1-0

[Event "Niederoesterreich Landesliga 0809"]
[Site "Austria"]
[Date "2009.02.22"]
[Round "9"]
[White "Janetschek, Karl"]
[Black "Roehrl, Karl"]
[Result "1/2-1/2"]
[WhiteElo "2244"]
[BlackElo "2218"]
[PlyCount "30"]
[EventDate "2008.09.28"]
[EventType "team-tourn"]
[EventRounds "11"]
[EventCountry "AUT"]
[SourceTitle "EXT 2022"]
[Source "ChessBase"]
[SourceDate "2021.10.06"]
[SourceVersion "1"]
[SourceVersionDate "2021.10.06"]
[SourceQuality "1"]

1. e4 c5 2. Nf3 e6 3. d4 cxd4 4. Nxd4 a6 5. Nc3 Qc7 6. Be2 Nf6 7. 0-0 d6 8. Be3 Nbd7 9. a4 b6 10. f4 Bb7 11. Bf3 Be7 12. Qe1 0-0 13. Qg3 Nc5 14. f5 e5 15. Bh6 Ne8 1/2-1/2

[Event "Niederoesterreich Landesliga 0809"]
[Site "Austria"]
[Date "2008.12.14"]
[Round "6"]
[White "Roehrl, Karl"]
[Black "Wadsack, Wolfgang"]
[Result "1-0"]
[WhiteElo "2218"]
[BlackElo "2201"]
[PlyCount "143"]
[EventDate "2008.09.28"]
[EventType "team-tourn"]
[EventRounds "11"]
[EventCountry "AUT"]
[SourceTitle "EXT 2022"]
[Source "ChessBase"]
[SourceDate "2021.10.06"]
[SourceVersion "1"]
[SourceVersionDate "2021.10.06"]
[SourceQuality "1"]

1. e4 d5 2. exd5 Nf6 3. Bb5+ Nbd7 4. Nf3 Nxd5 5. d4 c6 6. Be2 g6 7. c4 Nc7 8. Nc3 Bg7 9. 0-0 0-0 10. Be3 Nb6 11. h3 Be6 12. b3 f6 13. Qd2 Bf7 14. Rfd1 Qe8 15. Bh6 Rd8 16. Bxg7 Kxg7 17. Qe3 Bg8 18. Bf1 Qf7 19. Re1 Rfe8 20. Rad1 Nd7 21. d5 c5 22. Ne4 b6 23. Qc3 Qf8 24. g3 h6 25. h4 Kh7 26. h5 Bf7 27. d6 exd6 28. Nxd6 Rxe1 29. Qxe1 gxh5 30. Qe4+ Bg6 31. Qb7 Ne6 32. Nb5 Qg7 33. Rd6 Nef8 34. Bh3 f5 35. Qd5 Re8 36. Qd2 Ne5 37. Nxe5 Qxe5 38. Nxa7 h4 39. Nc6 Qa1+ 40. Kh2 hxg3+ 41. Kxg3 Qg7 42. Kh2 Re4 43. f4 Kh8 44. Bg2 Re8 45. Ne5 Bh5 46. Qd5 Nh7 47. Rd8 Qe7 48. Rxe8+ Bxe8 49. Kg1 Nf6 50. Qd3 Qe6 51. Qd8 Ne4 52. Bxe4 fxe4 53. Qa8 e3 54. Qf3 Qf5 55. Qxe3 Qb1+ 56. Kf2 Qxa2+ 57. Kg3 Qc2 58. Ng4 Qg6 59. Qe5+ Kg8 60. f5 Qc6 61. Nxh6+ Qxh6 62. Qxe8+ Kg7 63. Qe7+ Kg8 64. Kg4 Qh2 65. f6 Qg2+ 66. Kf5 Qf3+ 67. Ke5 Qe3+ 68. Kd6 Qd3+ 69. Kc6 Qf3+ 70. Kc7 Qf4+ 71. Kb7 Qf3+ 72. Ka7 1-0

[Event "Niederoesterreich Landesliga 0809"]
[Site "Austria"]
[Date "2008.11.16"]
[Round "4"]
[White "Roehrl, Karl"]
[Black "Todor, Razvan"]
[Result "1-0"]
[WhiteElo "2218"]
[BlackElo "2181"]
[PlyCount "77"]
[EventDate "2008.09.28"]
[EventType "team-tourn"]
[EventRounds "11"]
[EventCountry "AUT"]
[SourceTitle "EXT 2022"]
[Source "ChessBase"]
[SourceDate "2021.10.06"]
[SourceVersion "1"]
[SourceVersionDate "2021.10.06"]
[SourceQuality "1"]

1. e4 c5 2. Nf3 d6 3. d4 cxd4 4. Nxd4 Nf6 5. Nc3 a6 6. Bc4 e6 7. Bb3 Be7 8. Be3 b5 9. a3 Qc7 10. 0-0 Bd7 11. f4 Nc6 12. f5 Nxd4 13. Bxd4 e5 14. Bf2 Bc6 15. Re1 Qb7 16. Qe2 g6 17. Bh4 gxf5 18. Bxf6 Bxf6 19. Nd5 Bg7 20. Rad1 f4 21. Qg4 Kf8 22. Qh4 h5 23. g3 Re8 24. Rf1 Rh6 25. gxf4 Bxd5 26. Bxd5 Qb6+ 27. Kh1 Bf6 28. Qh3 Qc5 29. c3 Re7 30. fxe5 Bxe5 31. Rf5 h4 32. Rdf1 Rh7 33. Rg5 Rg7 34. Rxg7 Bxg7 35. Rg1 Qf2 36. Qg4 f6 37. Bc6 Qb6 38. Qc8+ Kf7 39. Bd5+ 1-0

[Event "Niederoesterreich Landesliga 0809"]
[Site "Austria"]
[Date "2008.10.12"]
[Round "2"]
[White "Roehrl, Karl"]
[Black "Strobel, Ferdinand"]
[Result "1/2-1/2"]
[WhiteElo "2218"]
[BlackElo "2047"]
[PlyCount "80"]
[EventDate "2008.09.28"]
[EventType "team-tourn"]
[EventRounds "11"]
[EventCountry "AUT"]
[SourceTitle "EXT 2022"]
[Source "ChessBase"]
[SourceDate "2021.10.06"]
[SourceVersion "1"]
[SourceVersionDate "2021.10.06"]
[SourceQuality "1"]

1. e4 e5 2. Nc3 Bc5 3. Nf3 d6 4. d4 exd4 5. Nxd4 Nc6 6. Be3 Bb6 7. Qd2 Nf6 8. 0-0-0 Ng4 9. Nxc6 bxc6 10. Bg5 f6 11. Bh4 0-0 12. h3 Ne5 13. f4 Nf7 14. Bc4 Qe8 15. Rhe1 Be6 16. Qd3 Kh8 17. Bb3 Bxb3 18. axb3 Qe6 19. Re2 Rae8 20. Qd2 Ba5 21. Rde1 Qc8 22. Qd3 Qb7 23. Bf2 Bxc3 24. Qxc3 Qb5 25. g4 c5 26. Qc4 Qxc4 27. bxc4 Nd8 28. e5 fxe5 29. fxe5 Nc6 30. exd6 Rxe2 31. Rxe2 cxd6 32. Bg3 Nd4 33. Re1 h5 34. Bxd6 Rf2 35. Bxc5 Rxc2+ 36. Kb1 Rxc4 37. Bxa7 hxg4 38. Re4 gxh3 39. Rh4+ Kg8 40. Bb8 Nb3 1/2-1/2

[Event "Niederoesterreich Landesliga 0708"]
[Site "Austria"]
[Date "2008.04.13"]
[Round "12"]
[White "Wadsack, Wolfgang"]
[Black "Roehrl, Karl"]
[Result "0-1"]
[WhiteElo "2210"]
[BlackElo "2221"]
[PlyCount "74"]
[EventDate "2007.09.16"]
[EventType "team-tourn"]
[EventRounds "13"]
[EventCountry "AUT"]
[SourceTitle "EXT 2022"]
[Source "ChessBase"]
[SourceDate "2021.10.06"]
[SourceVersion "1"]
[SourceVersionDate "2021.10.06"]
[SourceQuality "1"]

1. e4 c5 2. c3 b6 3. d4 Bb7 4. Bd3 e6 5. Nf3 Ne7 6. 0-0 Ng6 7. d5 e5 8. c4 d6 9. Nc3 Be7 10. Ne2 0-0 11. Ng3 Bc8 12. Nf5 Nd7 13. Qe2 Nf6 14. h3 Bxf5 15. exf5 Nf4 16. Bxf4 exf4 17. Rfe1 Re8 18. Qd2 Nh5 19. Re4 Bf6 20. Rae1 Rxe4 21. Rxe4 Qd7 22. Qe2 Kf8 23. Nh4 g6 24. Qg4 Bxh4 25. Qxh4 Re8 26. fxg6 hxg6 27. Qg5 Rxe4 28. Qh6+ Kg8 29. Bxe4 Qe8 30. Bf3 Qe1+ 31. Kh2 Ng3 32. Qxf4 Nf1+ 33. Kg1 Nd2+ 34. Kh2 Qxf2 35. Qg4 Kg7 36. Bd1 Nf1+ 37. Kh1 Qe1 0-1

[Event "Niederoesterreich Landesliga 0708"]
[Site "Austria"]
[Date "2008.03.09"]
[Round "10"]
[White "Sadilek, Peter"]
[Black "Roehrl, Karl"]
[Result "1/2-1/2"]
[WhiteElo "2110"]
[BlackElo "2221"]
[PlyCount "121"]
[EventDate "2007.09.16"]
[EventType "team-tourn"]
[EventRounds "13"]
[EventCountry "AUT"]
[SourceTitle "EXT 2022"]
[Source "ChessBase"]
[SourceDate "2021.10.06"]
[SourceVersion "1"]
[SourceVersionDate "2021.10.06"]
[SourceQuality "1"]

1. e4 c5 2. Nf3 Nc6 3. d4 cxd4 4. Nxd4 Nf6 5. Nc3 d6 6. Bg5 e6 7. Qd2 h6 8. Bxf6 gxf6 9. 0-0-0 a6 10. f4 Bd7 11. Be2 h5 12. Kb1 Be7 13. Rhf1 Qb6 14. Nb3 0-0-0 15. Rf3 h4 16. Bf1 Rhg8 17. Qe1 Rg4 18. h3 Rgg8 19. f5 Ne5 20. Rf4 Rg3 21. Rxh4 Rdg8 22. fxe6 fxe6 23. Ne2 R3g7 24. Nf4 Ng6 25. Nxg6 Rxg6 26. Rh7 R6g7 27. Rxg7 Rxg7 28. Qh4 Qd8 29. g4 f5 30. Qh6 Qg8 31. gxf5 exf5 32. Bc4 Rh7 33. Qxd6 Bxd6 34. Bxg8 Rh6 35. exf5 Bxf5 36. Nd4 Bxh3 37. a3 Bd7 38. Bc4 Be5 39. Nb3 Kc7 40. Re1 Bd6 41. Bd5 Rh2 42. Be6 Bc6 43. Nd4 Rh1 44. Rxh1 Bxh1 45. Ka2 Be5 46. Nb3 Be4 47. c4 Bf4 48. Nc5 Bc6 49. Bf5 Be3 50. Nd3 Bd4 51. b4 Bf3 52. Nf4 Kd6 53. Bc8 Be5 54. Nd3 Bd4 55. Nf4 Be5 56. Nd5 Bxd5 57. cxd5 b6 58. Bb7 a5 59. b5 Bd4 60. Kb3 Bc5 61. a4 1/2-1/2

[Event "Niederoesterreich Landesliga 0708"]
[Site "Austria"]
[Date "2007.12.16"]
[Round "7"]
[White "Groetz, Harald"]
[Black "Roehrl, Karl"]
[Result "1-0"]
[WhiteElo "2321"]
[BlackElo "2221"]
[PlyCount "89"]
[EventDate "2007.09.16"]
[EventType "team-tourn"]
[EventRounds "13"]
[EventCountry "AUT"]
[SourceTitle "EXT 2022"]
[Source "ChessBase"]
[SourceDate "2021.10.06"]
[SourceVersion "1"]
[SourceVersionDate "2021.10.06"]
[SourceQuality "1"]

1. e4 c5 2. Nf3 d6 3. d4 cxd4 4. Nxd4 Nf6 5. Nc3 a6 6. Bc4 e6 7. 0-0 Qc7 8. Bb3 Nc6 9. Be3 Na5 10. f4 Be7 11. f5 Nxb3 12. cxb3 Bd7 13. Rc1 Qd8 14. fxe6 fxe6 15. b4 e5 16. Nf5 0-0 17. Nd5 Nxd5 18. Qxd5+ Kh8 19. Nxe7 Qxe7 20. Rxf8+ Qxf8 21. Qxb7 Bb5 22. Qd5 h6 23. h3 Rd8 24. Rd1 Rd7 25. b3 Qc8 26. a4 Be2 27. Re1 Bh5 28. Rc1 Rc7 29. Rxc7 Qxc7 30. Qa8+ Kh7 31. Qxa6 Qc3 32. Bf2 Qxb3 33. Qxd6 Qxa4 34. Qxe5 Bg6 35. Bd4 Qd7 36. b5 Qb7 37. Kf2 Bxe4 38. g4 Bd3 39. b6 Qf7+ 40. Ke3 Ba6 41. Qe4+ Qg6 42. h4 h5 43. gxh5 Qxe4+ 44. Kxe4 Kh6 45. Be3+ 1-0

[Event "EU-ch Seniors 07th"]
[Site "Hockenheim"]
[Date "2007.06.10"]
[Round "9"]
[White "Kornath, Heinrich"]
[Black "Roehrl, Karl"]
[Result "0-1"]
[WhiteElo "1838"]
[BlackElo "2307"]
[PlyCount "92"]
[EventDate "2007.06.02"]
[EventType "swiss"]
[EventRounds "9"]
[EventCountry "GER"]
[SourceTitle "CBM 118 Extra"]
[Source "ChessBase"]
[SourceDate "2007.07.04"]
[SourceVersion "1"]
[SourceVersionDate "2007.07.04"]
[SourceQuality "1"]

1. e4 c5 2. Nf3 d6 3. d4 cxd4 4. Qxd4 Bd7 5. c4 Nc6 6. Qd2 g6 7. Nc3 Bg7 8. Be2 Nf6 9. 0-0 0-0 10. Rb1 Rc8 11. b3 Bg4 12. Bb2 Bxf3 13. Bxf3 a6 14. Be2 Rb8 15. Rfd1 Na7 16. Qe3 Nc6 17. a3 Qc7 18. b4 Ne5 19. Rd4 Rfc8 20. h3 Qb6 21. Na4 Qc6 22. b5 Qc7 23. Rc1 Ned7 24. Rdd1 Qa5 25. Nc3 Nc5 26. f3 Qc7 27. Rc2 a5 28. f4 Ncd7 29. Kh1 Qc5 30. Qd3 b6 31. Nb1 Qc7 32. Nd2 Nc5 33. Qe3 Nfd7 34. Bxg7 Kxg7 35. Qc3+ Kg8 36. Bf3 Re8 37. Nf1 Nf6 38. Re1 Ne6 39. g3 Qc5 40. Ne3 Nd4 41. Bg2 Nxc2 42. Qxc2 Qxa3 43. e5 dxe5 44. fxe5 Nh5 45. Kh2 Red8 46. Bd5 Rxd5 0-1

[Event "EU-ch Seniors 07th"]
[Site "Hockenheim"]
[Date "2007.06.09"]
[Round "8"]
[White "Roehrl, Karl"]
[Black "Bartle, Georg"]
[Result "0-1"]
[WhiteElo "2307"]
[BlackElo "1724"]
[PlyCount "166"]
[EventDate "2007.06.02"]
[EventType "swiss"]
[EventRounds "9"]
[EventCountry "GER"]
[SourceTitle "CBM 118 Extra"]
[Source "ChessBase"]
[SourceDate "2007.07.04"]
[SourceVersion "1"]
[SourceVersionDate "2007.07.04"]
[SourceQuality "1"]

1. d4 f5 2. g3 Nf6 3. Bg2 g6 4. Nf3 Bg7 5. 0-0 0-0 6. c4 d6 7. Nc3 Na6 8. Re1 c6 9. e4 e6 10. Bg5 Qc7 11. exf5 exf5 12. Rc1 Qf7 13. b3 h6 14. Bf4 Rd8 15. Rc2 g5 16. Bc1 Bd7 17. Ba3 Bf8 18. Bb2 Nh5 19. h3 Re8 20. d5 c5 21. a3 Rxe1+ 22. Qxe1 b6 23. Bf1 Nc7 24. Bd3 a6 25. Re2 Re8 26. Nd1 Rxe2 27. Qxe2 Be7 28. Nh2 Ne8 29. Ne3 Bf8 30. Qc2 Nhg7 31. Kg2 h5 32. f3 f4 33. Bg6 Qe7 34. Nef1 Bc8 35. g4 h4 36. Bh7+ Kh8 37. Bg6 Bd7 38. Qd3 a5 39. a4 Qe1 40. Bc3 Qe7 41. Nd2 Nf6 42. Nhf1 Kg8 43. Ne4 Nxe4 44. Bxe4 Ne8 45. Nd2 Bg7 46. Kf2 Bxc3 47. Qxc3 Nf6 48. Bc2 Bc8 49. Nb1 Bd7 50. Na3 Be8 51. Bf5 Kg7 52. Bc8 Kg8 53. Be6+ Kg7 54. Qe1 Kf8 55. Qc3 Kg7 56. Qd2 Kf8 57. Nb1 Bg6 58. Nc3 Be8 59. Qd3 Kg7 60. Nd1 Bg6 61. Bf5 Be8 62. Qe2 Qd8 63. Nc3 Bf7 64. Ke1 Kh6 65. Kd2 Qf8 66. Nb5 Ne8 67. Be6 Bg6 68. Bd7 Nf6 69. Qe6 Qg7 70. Qxd6 Nxd7 71. Qe6 Qb2+ 72. Ke1 Nf6 73. d6 Qc1+ 74. Ke2 Qe3+ 75. Qxe3 fxe3 76. Kxe3 Bc2 77. f4 Bxb3 78. fxg5+ Kxg5 79. Nc3 Bxc4 80. Ne4+ Kg6 81. g5 Nd7 82. Kf4 Bb3 83. Kg4 Bxa4 0-1

[Event "EU-ch Seniors 07th"]
[Site "Hockenheim"]
[Date "2007.06.03"]
[Round "2"]
[White "Roehrl, Karl"]
[Black "Drozdov, Vladimir E"]
[Result "1/2-1/2"]
[WhiteElo "2307"]
[BlackElo "2094"]
[PlyCount "87"]
[EventDate "2007.06.02"]
[EventType "swiss"]
[EventRounds "9"]
[EventCountry "GER"]
[SourceTitle "CBM 118 Extra"]
[Source "ChessBase"]
[SourceDate "2007.07.04"]
[SourceVersion "1"]
[SourceVersionDate "2007.07.04"]
[SourceQuality "1"]

1. d4 d5 2. Nf3 Nf6 3. c4 e6 4. Nc3 Nbd7 5. cxd5 exd5 6. Bg5 c6 7. e3 Be7 8. Bd3 Nf8 9. h3 Ne6 10. Bh4 g6 11. Qc2 Ng7 12. Bg3 Bf5 13. Be5 Bxd3 14. Qxd3 0-0 15. 0-0 Nf5 16. a3 Nd6 17. Nd2 Qd7 18. b4 Rfd8 19. Rab1 b5 20. Bxd6 Qxd6 21. Nb3 Nd7 22. e4 dxe4 23. Nxe4 Qd5 24. Qf3 f5 25. Ned2 Nb6 26. Qxd5+ Rxd5 27. Na5 Rxd4 28. Nxc6 Rxd2 29. Nxe7+ Kf7 30. Nc6 Nc4 31. Ra1 a6 32. a4 Re8 33. axb5 axb5 34. Rfe1 Ree2 35. Ra7+ Kg8 36. Rxe2 Rxe2 37. Nd4 Re1+ 38. Kh2 Rb1 39. Nxb5 Rxb4 40. Nc7 Rb2 41. Nd5 Rxf2 42. Nf6+ Kf8 43. Nxh7+ Kg8 44. Nf6+ 1/2-1/2

[Event "AUT-chT2O 0607"]
[Site "Austria"]
[Date "2007.04.14"]
[Round "10.2"]
[White "Roehrl, Karl"]
[Black "Groetz, Harald"]
[Result "1-0"]
[WhiteElo "2307"]
[BlackElo "2399"]
[PlyCount "119"]
[EventDate "2006.10.06"]
[EventType "team-tourn"]
[EventRounds "11"]
[EventCountry "AUT"]
[SourceTitle "EXT 2007"]
[Source "ChessBase"]
[SourceDate "2006.11.23"]
[SourceVersion "1"]
[SourceVersionDate "2006.11.23"]
[SourceQuality "1"]
[WhiteTeam "St Poelten"]
[BlackTeam "Stockerau"]
[WhiteTeamCountry "AUT"]
[BlackTeamCountry "AUT"]

1. d4 Nf6 2. Nf3 g6 3. c3 Bg7 4. Bg5 d6 5. Nbd2 0-0 6. e4 c5 7. d5 Na6 8. h3 Nc7 9. a4 b6 10. Bd3 Rb8 11. 0-0 a6 12. Rb1 h6 13. Bf4 b5 14. axb5 axb5 15. Bh2 Nd7 16. Qe2 b4 17. c4 Ne5 18. Bxe5 dxe5 19. Nb3 Qd6 20. Qe3 Na6 21. Rfe1 e6 22. Nfd2 f5 23. f3 Kh7 24. Ra1 Bf6 25. Ra5 Bd8 26. Ra2 Bg5 27. Qe2 Bxd2 28. Qxd2 Nc7 29. Qe3 fxe4 30. Qxe4 exd5 31. Qxe5 Qxe5 32. Rxe5 dxc4 33. Re7+ Kh8 34. Bxc4 Ne8 35. Nxc5 Nf6 36. g4 Rb6 37. Ne4 Nxe4 38. fxe4 Rb7 39. Rxb7 Bxb7 40. Bd5 Bxd5 41. exd5 Kg7 42. Ra7+ Kf6 43. Rb7 Rd8 44. Rb5 Ke5 45. Rxb4 Rxd5 46. Rb3 Kf4 47. Kf1 h5 48. gxh5 gxh5 49. Ke1 h4 50. Rc3 Rb5 51. b3 Ra5 52. Kd1 Rg5 53. b4 Rg3 54. Rxg3 Kxg3 55. Ke2 Kxh3 56. Kf2 Kh2 57. b5 h3 58. b6 Kh1 59. b7 h2 60. Kg3 1-0

[Event "Niederoesterreich Landesliga 0607"]
[Site "Austria"]
[Date "2007.02.18"]
[Round "9"]
[White "Weissenbeck, Manuel"]
[Black "Roehrl, Karl"]
[Result "1/2-1/2"]
[WhiteElo "2273"]
[BlackElo "2290"]
[PlyCount "54"]
[EventDate "2006.09.17"]
[EventType "team-tourn"]
[EventRounds "11"]
[EventCountry "AUT"]
[SourceTitle "EXT 2022"]
[Source "ChessBase"]
[SourceDate "2021.10.06"]
[SourceVersion "1"]
[SourceVersionDate "2021.10.06"]
[SourceQuality "1"]

1. d4 Nf6 2. Nf3 b5 3. e3 a6 4. a4 bxa4 5. c4 e6 6. Bd3 Bb7 7. 0-0 c5 8. Nc3 Qc7 9. Qe2 d6 10. Rxa4 Nbd7 11. b3 Be7 12. Bb2 0-0 13. Nd2 Rfe8 14. Raa1 cxd4 15. exd4 e5 16. d5 Bf8 17. Qf3 g6 18. g4 Bg7 19. h3 Rab8 20. Rab1 Rf8 21. Qe3 Rfe8 22. Nce4 Nxe4 23. Bxe4 Bc8 24. Bc2 Qd8 25. Ne4 Nf6 26. Ng3 Nd7 27. Ne4 Nf6 1/2-1/2

[Event "AUT-chT2O 0607"]
[Site "Austria"]
[Date "2007.01.21"]
[Round "7.2"]
[White "Neumeier, Klaus"]
[Black "Roehrl, Karl"]
[Result "1/2-1/2"]
[WhiteElo "2289"]
[BlackElo "2307"]
[PlyCount "35"]
[EventDate "2006.10.06"]
[EventType "team-tourn"]
[EventRounds "11"]
[EventCountry "AUT"]
[SourceTitle "EXT 2007"]
[Source "ChessBase"]
[SourceDate "2006.11.23"]
[SourceVersion "1"]
[SourceVersionDate "2006.11.23"]
[SourceQuality "1"]
[WhiteTeam "Eichgraben/Pressbaum"]
[BlackTeam "St Poelten"]
[WhiteTeamCountry "AUT"]
[BlackTeamCountry "AUT"]

1. e4 c5 2. Nf3 e6 3. b3 b6 4. d4 cxd4 5. Nxd4 a6 6. Bb2 Bb7 7. Bd3 d6 8. c4 Nf6 9. Nc3 Nbd7 10. Qe2 Qc7 11. Rd1 Be7 12. 0-0 0-0 13. Bb1 g6 14. f4 e5 15. Nc2 exf4 16. Rxf4 Rae8 17. Ne3 d5 18. Rdf1 1/2-1/2

[Event "Niederoesterreich Landesliga 0607"]
[Site "Austria"]
[Date "2006.11.12"]
[Round "5"]
[White "Svanda, Pavel"]
[Black "Roehrl, Karl"]
[Result "1/2-1/2"]
[WhiteElo "2208"]
[BlackElo "2290"]
[PlyCount "122"]
[EventDate "2006.09.17"]
[EventType "team-tourn"]
[EventRounds "11"]
[EventCountry "AUT"]
[SourceTitle "EXT 2022"]
[Source "ChessBase"]
[SourceDate "2021.10.06"]
[SourceVersion "1"]
[SourceVersionDate "2021.10.06"]
[SourceQuality "1"]

1. e4 c5 2. Nf3 e6 3. d4 cxd4 4. Nxd4 a6 5. Bd3 Bc5 6. Nb3 Ba7 7. Qe2 d6 8. Be3 Bxe3 9. Qxe3 Nc6 10. c4 e5 11. Nc3 Be6 12. 0-0 Nge7 13. Rfd1 0-0 14. Ne2 Rc8 15. Rac1 Nb4 16. a3 Nxd3 17. Qxd3 Qb6 18. Nd2 Bg4 19. Re1 Bxe2 20. Rxe2 Nc6 21. Nf3 a5 22. Qe3 Qa6 23. b3 Rfd8 24. a4 b6 25. Rd1 Qb7 26. Red2 Qc7 27. h3 Rb8 28. Qg5 h6 29. Qg4 Qe7 30. Nh4 Nd4 31. Nf5 Nxf5 32. Qxf5 g6 33. Qf3 h5 34. Qe3 Qc7 35. Rd5 Rd7 36. R1d3 Re8 37. g4 hxg4 38. hxg4 Kg7 39. f4 exf4 40. Qxf4 Rde7 41. R3d4 Re6 42. g5 Rd8 43. Kg2 Qe7 44. Kf3 f6 45. Ke3 f5 46. Kd3 fxe4+ 47. Rxe4 Rf8 48. Rxe6 Qxe6 49. Qe3 Qf7 50. Kc2 Re8 51. Qc3+ Kg8 52. Kb2 Re2+ 53. Rd2 Qf2 54. Rxe2 Qxe2+ 55. Ka3 Qe5 56. Qc1 Kf7 57. Ka2 Qd4 58. Qe1 Qe5 59. Qf2+ Ke6 60. Qxb6 Qxg5 61. Qc6 Qd2+ 1/2-1/2

[Event "AUT-chT2O 0607"]
[Site "Austria"]
[Date "2006.11.05"]
[Round "5.2"]
[White "Schroll, Gerhard"]
[Black "Roehrl, Karl"]
[Result "1-0"]
[WhiteElo "2377"]
[BlackElo "2307"]
[PlyCount "74"]
[EventDate "2006.10.06"]
[EventType "team-tourn"]
[EventRounds "11"]
[EventCountry "AUT"]
[SourceTitle "EXT 2007"]
[Source "ChessBase"]
[SourceDate "2006.11.23"]
[SourceVersion "1"]
[SourceVersionDate "2006.11.23"]
[SourceQuality "1"]
[WhiteTeam "Neustaedt SV"]
[BlackTeam "St Poelten"]
[WhiteTeamCountry "AUT"]
[BlackTeamCountry "AUT"]

1. c4 Nf6 2. Nc3 d6 3. g3 c6 4. Bg2 e5 5. Nf3 Nbd7 6. 0-0 Be7 7. h3 0-0 8. e4 Re8 9. d3 Bf8 10. Be3 Nc5 11. Qc2 h6 12. Rad1 Qc7 13. Rfe1 Ncd7 14. d4 b5 15. c5 dxc5 16. Nxe5 Nxe5 17. dxe5 Nd7 18. f4 c4 19. Qf2 a5 20. Re2 b4 21. Na4 c5 22. Red2 Qc6 23. e6 Qxe6 24. e5 Rb8 25. g4 Qe7 26. Bc6 Rd8 27. Rd6 g5 28. Nxc5 Nxc5 29. Bxc5 Rxd6 30. Bxd6 Qd8 31. Bd5 Bxd6 32. exd6 Be6 33. Bxe6 fxe6 34. Qe2 Qf6 35. fxg5 hxg5 36. Qxc4 Rf8 37. Rf1 Qe5 1-0

[Event "AUT-chT2O 0607"]
[Site "Austria"]
[Date "2006.11.04"]
[Round "4.2"]
[White "Roehrl, Karl"]
[Black "Petran, Peter"]
[Result "1/2-1/2"]
[WhiteElo "2307"]
[BlackElo "2320"]
[PlyCount "83"]
[EventDate "2006.10.06"]
[EventType "team-tourn"]
[EventRounds "11"]
[EventCountry "AUT"]
[SourceTitle "EXT 2007"]
[Source "ChessBase"]
[SourceDate "2006.11.23"]
[SourceVersion "1"]
[SourceVersionDate "2006.11.23"]
[SourceQuality "1"]
[WhiteTeam "St Poelten"]
[BlackTeam "Mattersburg"]
[WhiteTeamCountry "AUT"]
[BlackTeamCountry "AUT"]

1. d4 g6 2. c4 Bg7 3. Nc3 d6 4. g3 f5 5. Bg2 c6 6. Nf3 Nh6 7. 0-0 0-0 8. d5 e5 9. dxe6 Bxe6 10. Qd3 Nf7 11. b3 Na6 12. Bb2 Nc5 13. Qc2 a5 14. Rad1 Qb6 15. Nd4 Bc8 16. Na4 Nxa4 17. bxa4 Re8 18. e3 Ng5 19. Rb1 Qc7 20. c5 d5 21. Rbc1 Qe7 22. Nb3 Bxb2 23. Qxb2 Qg7 24. Qxg7+ Kxg7 25. Rfe1 Kf6 26. Nd4 Nf7 27. f4 Nh6 28. h3 Ke7 29. Kf2 Ng8 30. Rb1 Nf6 31. Rb3 Kd8 32. Reb1 Kc7 33. Bf3 Ra7 34. Rc1 Be6 35. Rb6 Nd7 36. Rb2 Raa8 37. Rc3 Re7 38. Rb1 Bf7 39. a3 Rb8 40. Rb2 Nf6 41. Rcb3 Nd7 42. Rc3 1/2-1/2

[Event "Niederoesterreich Landesliga 0506"]
[Site "Austria"]
[Date "2005.10.30"]
[Round "4"]
[White "Roehrl, Karl"]
[Black "Wiedner, Robert"]
[Result "1/2-1/2"]
[WhiteElo "2223"]
[BlackElo "2172"]
[PlyCount "46"]
[EventDate "2005.09.18"]
[EventType "team-tourn"]
[EventRounds "13"]
[EventCountry "AUT"]
[SourceTitle "EXT 2022"]
[Source "ChessBase"]
[SourceDate "2021.10.06"]
[SourceVersion "1"]
[SourceVersionDate "2021.10.06"]
[SourceQuality "1"]

1. d4 Nf6 2. c4 e6 3. Nf3 b6 4. g3 Ba6 5. Qa4 Bb7 6. Bg2 c5 7. 0-0 cxd4 8. Nxd4 Bxg2 9. Kxg2 Bc5 10. Nf3 Qc8 11. Nc3 0-0 12. Bg5 Be7 13. Rac1 h6 14. Bf4 Qb7 15. Rfd1 Na6 16. Bd6 Nc5 17. Qc2 Bxd6 18. Rxd6 Nce4 19. Rd4 Nxc3 20. Qxc3 d5 21. cxd5 Rac8 22. Rc4 Nxd5 23. Qe5 Nf6 1/2-1/2

[Event "Niederoesterreich Landesliga 0506"]
[Site "Austria"]
[Date "2005.10.02"]
[Round "2"]
[White "Bachmayer, Josef"]
[Black "Roehrl, Karl"]
[Result "0-1"]
[WhiteElo "2106"]
[BlackElo "2223"]
[PlyCount "86"]
[EventDate "2005.09.18"]
[EventType "team-tourn"]
[EventRounds "13"]
[EventCountry "AUT"]
[SourceTitle "EXT 2022"]
[Source "ChessBase"]
[SourceDate "2021.10.06"]
[SourceVersion "1"]
[SourceVersionDate "2021.10.06"]
[SourceQuality "1"]

1. d4 Nf6 2. Nc3 d6 3. Bg5 Nbd7 4. Qd2 c6 5. 0-0-0 b5 6. f3 Qa5 7. e4 a6 8. Kb1 e5 9. dxe5 dxe5 10. Nd5 Qxd2 11. Nxf6+ gxf6 12. Bxd2 Bc5 13. Ne2 Nb6 14. Ng3 Rg8 15. Ba5 Rb8 16. c3 Be6 17. b3 Ke7 18. Kc2 Rb7 19. Rd3 Nc8 20. Be2 Rd7 21. Rhd1 Rxd3 22. Rxd3 Nd6 23. Bb4 Bxb4 24. cxb4 f5 25. Bf1 fxe4 26. fxe4 f5 27. exf5 Nxf5 28. Rc3 Nxg3 29. hxg3 Bd5 30. Re3 Kd6 31. Kd2 h6 32. Ke1 Rg4 33. a3 Re4 34. Rxe4 Bxe4 35. Kd2 Ke6 36. g4 Kf6 37. g3 Bd5 38. Be2 Bxb3 39. Bf3 Bd5 40. Be2 Ke7 41. Ke3 Kd6 42. Bd3 c5 43. bxc5+ Kxc5 0-1